|
|
|
|
| LEADER |
00000nam a2200000 4500 |
| 008 |
190208b2008 cr ||||| |||| 00| 0 spa d |
| 999 |
|
|
|c 3642
|d 3642
|
| 090 |
|
|
|a Tesis # 42
|
| 100 |
|
|
|9 4457
|a Ishizaka, Hiroki
|
| 245 |
1 |
3 |
|a El estado actual de la política educativa y su perspectiva en Costa Rica y Japón (1994-2007) con énfasis en los problemas crónicos de la educación secundaria /
|c Hiroki Ishizaka
|
| 260 |
|
|
|a [San José, Costa Rica] :
|b H. Ishizaka,
|c [2008]
|
| 300 |
|
|
|a 547 hojas
|
| 502 |
|
|
|a Tesis (doctor en gobierno y políticas públicas)--Universidad de Costa Rica. Sistema de Estudios de Posgrado, 2009
|
| 650 |
1 |
4 |
|9 451
|a POLÍTICA EDUCATIVA
|
| 650 |
1 |
4 |
|9 456
|a EDUCACIÓN SECUNDARIA
|
| 650 |
1 |
4 |
|9 287
|a EVALUACIÓN
|
| 651 |
|
4 |
|9 47
|a COSTA RICA
|
| 651 |
|
4 |
|9 502
|a JAPÓN
|
| 942 |
|
|
|i 002260
|h Tesis # 42
|2 z
|c 02
|